{"text_format":"1","workbook":"xlsx","n_sheets":1,"sheets":["Лист5"],"not_rendered":{"charts":0,"images":0,"macros":0,"external_links":0,"defined_names":2,"comments":0,"pivot_tables":0},"unopened":[],"bounds":{"document_bytes":16777216,"sheet_cells":100000,"rows_first":2000,"rows_last":500,"rows_between":2000,"halvings":0,"cell_chars":16384,"cell_head_chars":4096},"cells_cut":0,"cells_raw":0,"read":"whole","date_system":"1900"}

{"sheet":"Лист5","index":0,"n_rows":144,"n_cols":12,"rows_kept":144,"cut":false,"hidden":false,"merged":[[143,0,143,11],[0,8,1,11],[3,0,3,11],[4,4,4,6],[5,0,6,0],[5,1,6,1],[5,2,6,2],[5,3,6,3],[5,4,6,4],[5,5,6,5],[5,6,5,7],[5,8,6,8],[5,9,6,9],[5,10,6,10],[5,11,6,11]]}
[null,null,null,null,null,null,null,null,"Budjet jarayonining ochiqligini ta’minlash maqsadida rasmiy veb-saytlarda ma’lumotlarni joylashtirish tartibi to‘g‘risidagi nizomga \n5-ILOVA "]
[]
[]
["2024-yil 1-apral xolatiga Navoiy viloyat adliya boshqarmasi tomonidan kam baholi va tez eskiruvchi buyumlar xarid qilish uchun o‘tkazilgan tanlovlar (tendyerlar) va amalga oshirilgan davlat xaridlari to‘g‘risidagi"]
[null,null,null,null,"MA’LUMOTLAR"]
["T/r","Hisobot davri","Xarid qilingan tovarlar va xizmatlar nomi","Moliyalashtirish manbasi*","Xarid jarayonini amalga oshirish turi","Lot/shartnoma raqami","Pudratchi to‘g‘risida ma’lumotlar",null,"Xarid qilinayotgan tovarlar (xizmatlar) o‘lchov birligi (imkoniyat darajasida)","Xarid qilinayotgan tovarlar (xizmatlar) miqdori (hajmi)","Bitim (shartnoma) bo‘yicha tovarlar (xizmatlar) bir birligi narxi (tarifi)","Xarid qilingan tovarlar (xizmatlar) jami miqdori (hajmi) qiymati \n(ming so‘m)\n"]
[null,null,null,null,null,null,"Pudratchi nomi","Korxona STIRi"]
[1,"1-chorak","Oq qog`oz A4","budjet","Elektron do`kon","№2181393  Lot241110082535409","ООО KANS MIR NAVOIY",308067400,"pachka",80,37490,{"$f":"+K8*J8","v":2999200}]
[{"$f":"+A8+1","v":2},"1-chorak","Tabiiy gaz","budjet","Yagona etkazib beruvchi","№213042072  Lot241100102517135","HUDUDGAZTA`MINOT AJ",306605769,"м^3",1800,1800,{"$f":"+K9*J9","v":3240000}]
[{"$f":"+A9+1","v":3},"1-chorak","Elektr energiya","budjet","Yagona etkazib beruvchi","№53/52  Lot241100102502381","Худудий электр тармоклари АЖ",306350099,"kvt",11500,1000,{"$f":"+K10*J10","v":11500000}]
[4,"1-chorak","Ichimlik suvi","budjet","Yagona etkazib beruvchi","№1/4/955 DXM -24   Lot241100102544337","\"Иссиклик манбаи\" ДУК Навоий филиали",307122468,"м^3",645,2464,1589280]
[5,"1-chorak","Oqova suv","budjet","Yagona etkazib beruvchi","№1/4/955 DXM -24   Lot241100102544337","\"Иссиклик манбаи\" ДУК Навоий филиали",307122468,"м^3",645,4592,2961840]
[6,"1-chorak","Tabiiy gaz","budjet","Yagona etkazib beruvchi","№213080039  Lot241100102544311","HUDUDGAZTA`MINOT AJ",306605769,"м^3",3500,1800,6300000]
[7,"1-chorak","Oq qog`oz A4","budjet","Elektron do`kon","№2181352  Lot241110082535376","ЁКУБ ДОВУД МЧЖ",200861450,"pachka",50,37590,1879500]
[8,"1-chorak","Internet xizmati","budjet","PQ-3953","№12_3507/3340   Lot241100242480386","O`ZBEKTELEKOM AKSIYADORLIK JAMIYATI",203366731,"xizmat",3,3502000,{"$f":"+K15*J15","v":10506000}]
[9,"1-chorak","Telefon xizmati","budjet","PQ-3953","№160   Lot241100242480442","O`ZBEKTELEKOM AKSIYADORLIK JAMIYATI",203366731,"xizmat",3,200000,{"$f":"+K16*J16","v":600000}]
[10,"1-chorak","Bannerga chop etish xizmati","budjet","Milliy do'kon","№2041671  Lot241110082360394","STROY KOMBINAT MCHJ",310721885,"xizmat",1,620000,{"$f":"+K17*J17","v":620000}]
[11,"1-chorak","Bannerga chop etish xizmati","budjet","Milliy do'kon","№2041673  Lot241110082360396","STROY KOMBINAT MCHJ",310721885,"xizmat",1,720000,{"$f":"+K18*J18","v":720000}]
[12,"1-chorak","Gibrid ochta xizmati","budjet","PQ-3953","№30/24   Lot241100102472113","\"O`ZBEKISTON POCHTASI\" АЖ",200833833,"xizmat",3,4500000,{"$f":"+K19*J19","v":13500000}]
[13,"1-chorak","Elektr energiya","budjet","Yagona etkazib beruvchi","№22/40  Lot241100102479066","Худудий электр тармоклари АЖ",306350099,"kvt",21000,1000,{"$f":"+K20*J20","v":21000000}]
[14,"1-chorak","Ichimlik suvi","budjet","Yagona etkazib beruvchi","№1/4/955 ADL -24   Lot241100102544358","\"Иссиклик манбаи\" ДУК Навоий филиали",307122468,"м^3",848,2464,2089472]
[15,"1-chorak","Oqova suv","budjet","Yagona etkazib beruvchi","№1/4/955 ADL -24   Lot241100102544358","\"Иссиклик манбаи\" ДУК Навоий филиали",307122468,"м^3",848,4592,3894016]
[16,"1-chorak","Bannerga chop etish xizmati","budjet","Milliy do'kon","№2165190  Lot241110082509335","STROY KOMBINAT MCHJ",310721885,"м^2",28,40000,{"$f":"+K23*J23","v":1120000}]
[17,"1-chorak","Bannerga chop etish xizmati","budjet","Milliy do'kon","№2173691  Lot241110082524968","IDEA GRAPHICS OK",306370350,"xizmat",1,400000,{"$f":"+K24*J24","v":400000}]
[18,"1-chorak","Bannerga chop etish xizmati","budjet","Milliy do'kon","№2173701  Lot241110082524988","IDEA GRAPHICS OK",306370350,"xizmat",2,2800000,{"$f":"+K25*J25","v":5600000}]
[19,"1-chorak","Telefon xizmati","budjet","PQ-3953","№1918995159   Lot241100242480429","O`ZBEKTELEKOM AKSIYADORLIK JAMIYATI",203366731,"xizmat",3,500000,{"$f":"+K26*J26","v":1500000}]
[20,"1-chorak","Tabbiy siqilgan gaz (metan)","budjetdan tashqari","PQ-3953","№9   Lot241100422469171","Зарафшон авто газМЧЖ",302025267,"куб.м",2090,3250,{"$f":"+K27*J27","v":6792500}]
[21,"1-chorak","Tabbiy siqilgan gaz (metan)","budjetdan tashqari","PQ-3953","№8/24   Lot241100422471569","Мухаммад Али Кувончи МЧЖ",301293237,"куб.м",2090,3250,{"$f":"+K28*J28","v":6792500}]
[22,"1-chorak","Maxsus aloqa xizmati","budjetdan tashqari","PQ-3953","№NAV24   Lot241100242480363","Республика махсус алока богламаси ДУК",201440547,"xizmat",12,7000000,{"$f":"+K29*J29","v":84000000}]
[23,"1-chorak","Elektr energiya","budjetdan tashqari","Yagona etkazib beruvchi","№52/21  Lot241100102479790","Худудий электр тармоклари АЖ",306350099,"kvt",32500,1000,{"$f":"+K30*J30","v":32500000}]
[24,"1-chorak","Tabiiy gaz","budjetdan tashqari","Yagona etkazib beruvchi","№213032418  Lot241100102521364","HUDUDGAZTA`MINOT AJ",306605769,"м^3",12500,1800,{"$f":"+K31*J31","v":22500000}]
[25,"1-chorak","Tabbiy siqilgan gaz (metan)","budjetdan tashqari","PQ-3953","№9   Lot241100422470971","Зарафшон Файз Оил МЧЖ",301711048,"куб.м",10450,3250,{"$f":"+K32*J32","v":33962500}]
[26,"1-chorak","Benzin (92)","budjetdan tashqari","PQ-3953","№25   Lot241100422471865","\"Навоий нефть базаси\"МЧЖ",200002538,"t.",2.97,14685136.67,43614855.909900002]
[27,"1-chorak","Tabbiy siqilgan gaz (metan)","budjetdan tashqari","PQ-3953","№42/2024   Lot241100422471721","METAN GAZ NUROTA МЧЖ",301711048,"куб.м",2090,3250,{"$f":"+K34*J34","v":6792500}]
[28,"1-chorak","Tabbiy siqilgan gaz (metan)","budjetdan tashqari","PQ-3953","№3   Lot241100422477454","Karmana Alfa GaZ service МЧЖ",302189830,"куб.м",2090,3250,{"$f":"+K35*J35","v":6792500}]
[29,"1-chorak","Tabiiy gaz","budjetdan tashqari","Yagona etkazib beruvchi","№2130720074  Lot241100102479772","HUDUDGAZTA`MINOT AJ",306605769,"м^3",7200,1800,{"$f":"+K36*J36","v":12960000}]
[30,"1-chorak","Elektr energiya","budjetdan tashqari","Yagona etkazib beruvchi","№54/45  Lot241100102479734","Худудий электр тармоклари АЖ",306350099,"kvt",26000,1000,{"$f":"+K37*J37","v":26000000}]
[31,"1-chorak","Elektr energiya","budjetdan tashqari","Yagona etkazib beruvchi","№59/41  Lot241100102495270","Худудий электр тармоклари АЖ",306350099,"kvt",31000,1000,{"$f":"+K38*J38","v":31000000}]
[32,"1-chorak","Kommutator","budjetdan tashqari","Elektron do`kon","№2043343  Lot241110082362903","SARLOCHIN BIZNES SENTR MCHJ",310554928,"dona",3,125784,{"$f":"+K39*J39","v":377352}]
[33,"1-chorak","Bannerga chop etish xizmati","budjetdan tashqari","Milliy do'kon","№2048817  Lot241110082368582","QIZILQUM POLIGRAF SERVIS МЧЖ",303079603,"м^2",60,45000,{"$f":"+K40*J40","v":2700000}]
[34,"1-chorak","Serverga xizmat ko'rsatish","budjetdan tashqari","Milliy do'kon","№2053344  Lot241110082372518","SHAXRIYEVA ZARIFA SHOIR QIZI","42709902350087.","xizmat",1,800000,800000]
[35,"1-chorak","Telefon xizmati","budjetdan tashqari","PQ-3953","№41900658   Lot241100242547005","ООО Coscom",201788904,"xizmat",4,1200000,4800000]
[36,"1-chorak","Jurnal","budjetdan tashqari","Elektron do`kon","№2059672   Lot241110082381568","ООО KANS MIR NAVOIY",308067400,"xizmat",20,9000,180000]
[37,"1-chorak","Tabbiy siqilgan gaz (metan)","budjetdan tashqari","PQ-3953","№3   Lot241100422538074","OOO SPUTNIK AVTO SERVIS",301601073,"куб.м",4180,3250,13585000]
[38,"1-chorak","Skotch","budjetdan tashqari","Elektron do`kon","№2073373   Lot241110082399153","ZINNUR MAXSULOTLARI OK",306386440,"xizmat",5,28200,141000]
[39,"1-chorak","GPS xizmati","budjetdan tashqari","PQ-3953","№6342/1-U   Lot241100252569436","\"INTERNATIONAL MONITORING GROUP \" МЧЖ",207041571,"xizmat",144,45360,{"$f":"+K46*J46","v":6531840}]
[40,"1-chorak","Papka yasash xizmati xizmati","budjetdan tashqari","Milliy do'kon","№2076351  Lot241110082401491","Ходжиев Намозбек Ниёзович ЯТТ","31409772390027.","dona",10,150000,{"$f":"+K47*J47","v":1500000}]
[41,"1-chorak","Qog'oz sochiq","budjetdan tashqari","Elektron do`kon","№2080224   Lot241110082406581","SAM BUSSINES PLYUS",309801515,"upakov",20,14800,296000]
[42,"1-chorak","Bumaga tualetnaya","budjetdan tashqari","Elektron do`kon","№2080234   Lot241110082406541","CLEVER MERCHANT MCHJ",310251846,"upakov",20,19800,396000]
[43,"1-chorak","Avtotransportni ta'mirlash xizmati","budjetdan tashqari","Milliy do'kon","№2087740  Lot241110082415891","AVTOMASTERTOP MCHJ",310952718,"xizmat",1,2300000,2300000]
[44,"1-chorak","Ruchka","budjetdan tashqari","Elektron do`kon","№2095357   Lot241110082424355","YTT JABBORBERGANOV HASAN SHUHRAT O?G?LI","52702047230068.","dona",30,13998,419940]
[45,"1-chorak","Tabbiy siqilgan gaz (metan)","budjetdan tashqari","PQ-3953","№18/1  Lot241100422471828","ООО АСКОМЖ-ЗАРАФШОН",305917515,"куб.м",2090,3200,6688000]
[46,"1-chorak","Qattiq disk","budjetdan tashqari","Elektron do`kon","№2109917   Lot241110082441692","ЯККА ТАРТИБДАГИ ТАДБИРКОР","42903896890033.","dona",1,2650000,2650000]
[47,"1-chorak","Papka","budjetdan tashqari","Elektron do`kon","№2101063   Lot241110082431379","ООО KANS MIR NAVOIY",308067400,"dona",50,13700,685000]
[48,"1-chorak","Kley","budjetdan tashqari","Elektron do`kon","№2171824   Lot241110082521136","TRADE XADICHA BIZNES OK",306157170,"dona",20,7500,150000]
[49,"1-chorak","Bannerga chop etish xizmati","budjetdan tashqari","Milliy do'kon","№2172070  Lot241110082522294","GOLDEN-CITY ZARAFSHON MCNJ",305440920,"м^2",60,520000.01,31200000.600000001]
[50,"1-chorak","Oq qog`oz A4","budjetdan tashqari","Elektron do`kon","№2016697  Lot241110082329060","ЁКУБ ДОВУД МЧЖ",200861450,"pachka",49,39290,1925210]
[51,"1-chorak","Chek lentasi","budjetdan tashqari","Elektron do`kon","№2016697  Lot241110082329060","Profi Paper",306560430,"pachka",40,28000,1120000]
[52,"1-chorak","Vidio registrator","budjetdan tashqari","Elektron do`kon","№2024000  Lot241110082337483","SARHUM MCHJ",310908896,"dona",1,7680000.0099999998,7680000.0099999998]
[53,"1-chorak","Vidio registrator","budjetdan tashqari","Elektron do`kon","№2023739  Lot241110082337168","YTT G?ANIYEVA OQILA SA?DULLA QIZI","42609916500013.","dona",1,651200,651200]
[54,"1-chorak","Tabbiy siqilgan gaz (metan)","budjetdan tashqari","PQ-3953","№3   Lot241100422474873","OOO SPUTNIK AVTO SERVIS",301601073,"куб.м",4180,3250,13585000]
[55,"1-chorak","Kommutator","budjetdan tashqari","Elektron do`kon","№2023955  Lot241110082337500","PROBOOK FAMILY MCHJ",310644768,"dona",1,750000,750000]
[56,"1-chorak","Elektr energiya","budjetdan tashqari","Yagona etkazib beruvchi","№58/21  Lot241100102480356","Худудий электр тармоклари АЖ",306350099,"kvt",46000,1000,46000000]
[57,"1-chorak","Elektr energiya","budjetdan tashqari","Yagona etkazib beruvchi","№56/26  Lot241100102479746","Худудий электр тармоклари АЖ",306350099,"kvt",28000,1000,28000000]
[58,"1-chorak","Elektr energiya","budjetdan tashqari","Yagona etkazib beruvchi","№55/9  Lot241100102479712","Худудий электр тармоклари АЖ",306350099,"kvt",63000,1000,63000000]
[59,"1-chorak","Internet xizmati","budjetdan tashqari","PQ-3953","№NAV/B2B SME-20856929   Lot241100242480401","O`ZBEKTELEKOM AKSIYADORLIK JAMIYATI",203366731,"xizmat",12,6930000,83160000]
[60,"1-chorak","Internet xizmati","budjetdan tashqari","PQ-3953","№12_1823/2900   Lot241100242480420","O`ZBEKTELEKOM AKSIYADORLIK JAMIYATI",203366731,"xizmat",12,765000,9180000]
[61,"1-chorak","Telefon xizmati","budjetdan tashqari","PQ-3953","№1160   Lot241100242480452","O`ZBEKTELEKOM AKSIYADORLIK JAMIYATI",203366731,"xizmat",12,24500,294000]
[62,"1-chorak","Tabiiy gaz","budjetdan tashqari","Yagona etkazib beruvchi","№213013410  Lot241100102513965","HUDUDGAZTA`MINOT AJ",306605769,"м^3",25000,1800,{"$f":"+K69*J69","v":45000000}]
[63,"1-chorak","Avtomashinaga nakleyka chop ettirish xizmati","budjetdan tashqari","Milliy do'kon","№2047458  Lot241110082367094","STROY KOMBINAT MCHJ",310721885,"xizmat",4,1300000,{"$f":"+K70*J70","v":5200000}]
[64,"1-chorak","Tabiiy gaz","budjetdan tashqari","Yagona etkazib beruvchi","№213080416  Lot241100102517163","HUDUDGAZTA`MINOT AJ",306605769,"м^3",3000,1800,5400000]
[65,"1-chorak","LED panel","budjetdan tashqari","Elektron do`kon","№2043094  Lot241110082362503","ООО BOBUR EXCLUSIVE QURILISH",305646687,"dona",100,25000,{"$f":"+K72*J72","v":2500000}]
[66,"1-chorak","LED panel","budjetdan tashqari","Elektron do`kon","№2043076  Lot241110082362467","NEW STAR LINE TEXTILE МЧЖ",306619022,"dona",60,25000,1500000]
[{"$f":"+A73+1","v":67},"1-chorak","Oq qog`oz A4","budjetdan tashqari","Elektron do`kon","№2016650  Lot241110082329036"," ООО KANS MIR NAVOIY",308067400,"pachka",256,39250,10048000]
[68,"1-chorak","Bannerga chop etish xizmati","budjetdan tashqari","Milliy do'kon","№2022190  Lot241110082334965","STROY KOMBINAT MCHJ",310721885,"xizmat",7,140000,980000]
[69,"1-chorak","Tabbiy siqilgan gaz (metan)","budjetdan tashqari","PQ-3953","№8   Lot241100422470959","Зарафшон Файз Оил МЧЖ",301711048,"куб.м",1650,3250,5362500]
[70,"1-chorak","Tabbiy siqilgan gaz (metan)","budjetdan tashqari","PQ-3953","№8   Lot241100422468902","Зарафшон авто газМЧЖ",302025267,"куб.м",1650,3250,5362500]
[71,"1-chorak","Tabbiy siqilgan gaz (metan)","budjetdan tashqari","PQ-3953","№2   Lot241100422471777","OOO SPUTNIK AVTO SERVIS",301601073,"куб.м",3300,3250,10725000]
[72,"1-chorak","Tabbiy siqilgan gaz (metan)","budjetdan tashqari","PQ-3953","№2   Lot241100422471517","Karmana Alfa GaZ service МЧЖ",302189830,"куб.м",1650,3250,5362500]
[73,"1-chorak","Tabbiy siqilgan gaz (metan)","budjetdan tashqari","PQ-3953","№28   Lot241100422471696","ZARAFSHON GLASS МЧЖ",305063535,"куб.м",1650,3200,5280000]
[74,"1-chorak","Tabbiy siqilgan gaz (metan)","budjetdan tashqari","PQ-3953","№9/24   Lot241100422471615","Мухаммад Али Кувончи МЧЖ",301293237,"куб.м",1650,3250,5362500]
[75,"1-chorak","Tabbiy siqilgan gaz (metan)","budjetdan tashqari","PQ-3953","№43/2024   Lot241100422471760","METAN GAZ NUROTA мчж",302356393,"куб.м",1650,3250,5362500]
[76,"1-chorak","Set kabeli","budjetdan tashqari","Elektron do`kon","№2023705  Lot241110082337021","GULISTAN-TEZKOR MCHJ",310830244,"pachka",915,2130,1948950]
[77,"1-chorak","Elektr energiya","budjetdan tashqari","Yagona etkazib beruvchi","№52/20 Lot241100102479785","Худудий электр тармоклари АЖ",306350099,"kvt",14000,1000,14000000]
[78,"1-chorak","Tabiiy gaz","budjetdan tashqari","Yagona etkazib beruvchi","№2130720070  Lot241100102479781","HUDUDGAZTA`MINOT AJ",306605769,"м^3",11800,1800,{"$f":"+K85*J85","v":21240000}]
[79,"1-chorak","Elektr energiya","budjetdan tashqari","Yagona etkazib beruvchi","№54/44 Lot241100102479723","Худудий электр тармоклари АЖ",306350099,"kvt",14000,1000,{"$f":"+K86*J86","v":14000000}]
[80,"1-chorak","Elektr energiya","budjetdan tashqari","Yagona etkazib beruvchi","№51 Lot241100102479689","Худудий электр тармоклари АЖ",306350099,"kvt",27600,1000,27600000]
[81,"1-chorak","Elektr energiya","budjetdan tashqari","Yagona etkazib beruvchi","№22/89 Lot241100102479594","Худудий электр тармоклари АЖ",306350099,"kvt",76000,1000,76000000]
[82,"1-chorak","Elektr energiya","budjetdan tashqari","Yagona etkazib beruvchi","№57/1 Lot241100102478265","Худудий электр тармоклари АЖ",306350099,"kvt",92000,1000,92000000]
[83,"1-chorak","Elektr energiya","budjetdan tashqari","Yagona etkazib beruvchi","№22/88 Lot241100102479646","Худудий электр тармоклари АЖ",306350099,"kvt",59000,1000,59000000]
[84,"1-chorak","Telefon xizmati","budjetdan tashqari","PQ-3953","№699   Lot241100242480465","O`ZBEKTELEKOM AKSIYADORLIK JAMIYATI",203366731,"xizmat",12,420000,5040000]
[85,"1-chorak","Telefon xizmati","budjetdan tashqari","PQ-3953","№NAV/B2G-22823185   Lot241100242480457","O`ZBEKTELEKOM AKSIYADORLIK JAMIYATI",203366731,"xizmat",12,90000,1080000]
[86,"1-chorak","Ichimlik suvi","budjetdan tashqari","Yagona etkazib beruvchi","№24/19 Lot241100102480436","Навоий сув таминот МЧЖ",300024824,"м^3",180,8400,1512000]
[87,"1-chorak","Tabiiy gaz","budjetdan tashqari","Yagona etkazib beruvchi","№213051715  Lot241100102511354","HUDUDGAZTA`MINOT AJ",306605769,"м^3",23500,1800,{"$f":"+K94*J94","v":42300000}]
[88,"1-chorak","LED panel","budjetdan tashqari","Elektron do`kon","№2043064  Lot241110082362443","NEW STAR LINE TEXTILE МЧЖ",306619022,"dona",200,35000,{"$f":"+K95*J95","v":7000000}]
[89,"1-chorak","LED panel","budjetdan tashqari","Elektron do`kon","№2043083  Lot241110082362487","NEW STAR LINE TEXTILE МЧЖ",306619022,"dona",150,25000,{"$f":"+K96*J96","v":3750000}]
[90,"1-chorak","Tabiiy gaz","budjetdan tashqari","Yagona etkazib beruvchi","№213052558  Lot241100102518776","HUDUDGAZTA`MINOT AJ",306605769,"м^3",3300,1800,{"$f":"+K97*J97","v":5940000}]
[91,"1-chorak","Ichimlik suvi","budjet","Yagona etkazib beruvchi","№1/4/955 FHD -24   Lot241100102544334","\"Иссиклик манбаи\" ДУК Навоий филиали",307122468,"м^3",250,2464,616000]
[92,"1-chorak","Oqova suv","budjet","Yagona etkazib beruvchi","№1/4/955 FHD -24   Lot241100102544334","\"Иссиклик манбаи\" ДУК Навоий филиали",307122468,"м^3",250,4592,1148000]
[93,"1-chorak","Ichimlik suvi","budjetdan tashqari","Yagona etkazib beruvchi","№009 Lot241100102544345","Навоий сув таминот МЧЖ",300024824,"м^3",350,8400,{"$f":"+K100*J100","v":2940000}]
[94,"1-chorak","Bolalar uchun o'yinchoq","budjetdan tashqari","Elektron do`kon","№2056194  Lot241110082378107","YaTT OLIMJONOV RAXMATULLO NABIJON O?G?LI","52809027080021.","dona",30,179000,5370000]
[95,"1-chorak","Beyjik","budjetdan tashqari","Milliy do'kon","№2075672  Lot241110082401496","GRAND PRINT REKLAMA MCHJ",309213677,"dona",70,54000,3780000]
[96,"1-chorak","Elektr energiya","budjetdan tashqari","Yagona etkazib beruvchi","№52/8 Lot241100102570847","Худудий электр тармоклари АЖ",306350099,"kvt",44000,1000,44000000]
[97,"1-chorak","Stend yasash xizmati","budjetdan tashqari","Milliy do'kon","№2084386  Lot241110082411559","IDEA GRAPHICS OK",306370350,"dona",57,200000,11400000]
[98,"1-chorak","Veb kamera","budjetdan tashqari","Elektron do`kon","№2086993  Lot241110082414900","ООО PROTOUCH UZ",307888321,"dona",50,222222,11111100]
[99,"1-chorak","Kartredjga baraban","budjetdan tashqari","Elektron do`kon","№2086985  Lot241110082414885","IMPERIAL EXCLUSIVE TEAM MCHJ",309333006,"dona",10,99999.99,999999.9]
[100,"1-chorak","Printerga kartredj","budjetdan tashqari","Elektron do`kon","№2087002  Lot241110082414911","ЯТТ ХОЛОВ СОБИР МИЗОНОВИЧ","32009770970015.","komp",20,132000,2640000]
[101,"1-chorak","Isitish tizimini qozonini o'rnatish xizmati","budjetdan tashqari","Milliy do'kon","№2087008  Lot241110082414916","Навоий меридиан бусинесс",308550315,"xizmat",1,1100000,1100000]
[102,"1-chorak","Osnastka dlya pechati","budjetdan tashqari","Elektron do`kon","№2091338  Lot241110082419591","Навбахор Омад Полиграф хусусий корхонаси",301413465,"komp",2000,13000,26000000]
[103,"1-chorak","Spray toner","budjetdan tashqari","Elektron do`kon","№2091275  Lot241110082419516","SHOSH-NAMUNA INVEST MCHJ",310616398,"komp",7,400000.01,2800000.0700000003]
[104,"1-chorak","Skotch","budjetdan tashqari","Elektron do`kon","№2091314  Lot241110082419566","ООО BOBUR EXCLUSIVE QURILISH",305646687,"komp",20,35000,700000]
[105,"1-chorak","Pochta markasi","budjetdan tashqari","Yagona etkazib beruvchi","№22 Lot241100102594397","UZPOST AJ",200833833,"dona",500,1100,550000]
[106,"1-chorak","Pochta markasi","budjetdan tashqari","Yagona etkazib beruvchi","№22 Lot241100102594397","UZPOST AJ",200833833,"dona",500,5600,2800000]
[107,"1-chorak","Chiqindi tashish xizmati","budjetdan tashqari","PQ-3953","№73 Lot241100612595659","Мироншох комфорт сервис МЧЖ",207164728,"dona",24,63392,1521408]
[108,"1-chorak","Tabbiy siqilgan gaz (metan)","budjetdan tashqari","PQ-3953","№17/1   Lot241100422474807","ООО АСКОМЖ-ЗАРАФШОН",305917515,"куб.м",1650,3200,5280000]
[109,"1-chorak","Foto polimer","budjetdan tashqari","Elektron do`kon","№2095097  Lot241110082424047","YTT JABBORBERGANOV HASAN SHUHRAT O?G?LI","52702047230068.","dona",8,749998,5999984]
[110,"1-chorak","Polovaya tryapka","budjetdan tashqari","Elektron do`kon","№2095411  Lot241110082424344","YATT YAXSHIBOEVA MAFTUNA MAXMUD QIZI","42407931950099.","dona",200,8852,1770400]
[111,"1-chorak","Lenta bordyurnaya","budjetdan tashqari","Elektron do`kon","№2095189  Lot241110082424165","YTT JABBORBERGANOV HASAN SHUHRAT O?G?LI","52702047230068.","dona",8,344998,2759984]
[112,"1-chorak","Qulf","budjetdan tashqari","Elektron do`kon","№2095273  Lot241110082424260","ООО SULTONBEK-IBROHIM-BARAKA",306365902,"dona",10,21700,217000]
[113,"1-chorak","Plyonka I substrat dlya izgotovleniya pechati","budjetdan tashqari","Elektron do`kon","№2099579  Lot241110082429422","ОООFikrlar bulogi",206773524,"dona",15,32000,480000]
[114,"1-chorak","Ichimlik suvi","budjet","Yagona etkazib beruvchi","№339   Lot241100102612492","\"Иссиклик манбаи\" ДУК Навоий филиали",307122468,"м^3",900.05,24080,{"$f":"+K121*J121","v":21673204}]
[115,"1-chorak","Oqova suv","budjet","Yagona etkazib beruvchi","№339   Lot241100102612492","\"Иссиклик манбаи\" ДУК Навоий филиали",307122468,"м^3",900.05,3696,3326584.8]
[116,"1-chorak","Vidio registrator","budjetdan tashqari","Elektron do`kon","№2109935  Lot241110082441704","YTT YUNUSOV G?OLIBJON MUMINJONOVICH","33010821590062.","dona",1,11090000,{"$f":"+K123*J123","v":11090000}]
[117,"1-chorak","Osnastka dlya pechati","budjetdan tashqari","Elektron do`kon","№2110835  Lot241110082442584","ANVARBEK BIZNES PROGRESS mchj",303107456,"komp",600,64998,38998800]
[118,"1-chorak","Osnastka dlya pechati","budjetdan tashqari","Elektron do`kon","№2110852  Lot241110082442611","YTT MELIQO?ZIYEV AXMADALI BAXROMJON O?G?LI","30410914200033.","komp",600,57800,34680000]
[119,"1-chorak","Chernila","budjetdan tashqari","Elektron do`kon","№2111121  Lot241110082443022","ЯТТ TOSHTEMIROV ILHOMJON","53112025310014.","komp",20,88888,1777760]
[120,"1-chorak","JPS xizmati","budjetdan tashqari","PQ-3953","№70/0124   Lot241100252625233","NAVOIY AKT AVTOMATIKA МЧЖ",304521187,"xizmat",180,45360,8164800]
[121,"1-chorak","Plyonka I substrat dlya izgotovleniya pechati","budjetdan tashqari","Elektron do`kon","№2118510  Lot241110082451514","ЧП DMITRIY LIBERTY",306332326,"dona",600,10000,6000000]
[122,"1-chorak","Usluga po ustanovke obyomnix bukf","budjetdan tashqari","Milliy do'kon","№2125039  Lot241110082459340","IDEA GRAPHICS OK",306370350,"xizmat",1,7800000,7800000]
[123,"1-chorak","Ichimlik suvi","budjet","Yagona etkazib beruvchi","№52/24/1   Lot241100102596361","\"Иссиклик манбаи\" ДУК Навоий филиали",307122468,"м^3",75,23520,{"$f":"+K130*J130","v":1764000}]
[124,"1-chorak","Oqova suv","budjet","Yagona etkazib beruvchi","№52/24/1   Lot241100102596361","\"Иссиклик манбаи\" ДУК Навоий филиали",307122468,"м^3",75,1713.6,128520]
[125,"1-chorak","daraxt ko'chatlari","budjet","PQ-3953","№62-5-79-O`X/2024   Lot241100532647534","Навоий давлат урмон хужалиги",201553120,"dona",70,15000,1050000]
[126,"1-chorak","daraxt ko'chatlari","budjet","PQ-3953","№62-5-79-O`X/2024   Lot241100532647534","Навоий давлат урмон хужалиги",201553120,"dona",50,10000,500000]
[127,"1-chorak","daraxt ko'chatlari","budjet","PQ-3953","№62-5-79-O`X/2024   Lot241100532647534","Навоий давлат урмон хужалиги",201553120,"dona",60,2200,132000]
[128,"1-chorak","daraxt ko'chatlari","budjet","PQ-3953","№62-5-79-O`X/2024   Lot241100532647534","Навоий давлат урмон хужалиги",201553120,"dona",20,10000,200000]
[129,"1-chorak","daraxt ko'chatlari","budjet","PQ-3953","№62-5-79-O`X/2024   Lot241100532647534","Навоий давлат урмон хужалиги",201553120,"dona",30,10000,300000]
[130,"1-chorak","daraxt ko'chatlari","budjet","PQ-3953","№62-5-79-O`X/2024   Lot241100532647534","Навоий давлат урмон хужалиги",201553120,"dona",50,70000,3500000]
[131,"1-chorak","daraxt ko'chatlari","budjet","PQ-3953","№62-5-79-O`X/2024   Lot241100532647534","Навоий давлат урмон хужалиги",201553120,"dona",20,25000,500000]
[132,"1-chorak","Stend yasash xizmati","budjetdan tashqari","Milliy do'kon","№2138908  Lot241110082475370","IDEA GRAPHICS OK",306370350,"xizmat",8,167500,{"$f":"+K139*J139","v":1340000}]
[{"$f":"+A139+1","v":133},"1-chorak","Qattiq disk","budjetdan tashqari","Elektron do`kon","№2169876  Lot241110082517128","ЯККА ТАРТИБДАГИ ТАДБИРКОР","42903896890033.","dona",10,2579999,{"$f":"+K140*J140","v":25799990}]
[{"$f":"+A140+1","v":134}]
[]
[]
["* Izoh: Moliyalashtirish manbasi aniq ko‘rsatiladi. Moliyalashtirish manbalari: O‘zbekiston Respublikasining Davlat budjeti, Davlat maqsadli jamg‘arma mablag‘lari, O‘zbekiston Respublikasi Davlat budjeti tarkibidagi budjetlarning qo‘shimcha manbalari, budjet tashkilotlarining budjetdan tashqari jamg‘armalari mablag‘lari"]